000 00372nam a2200145Ia 4500
008 230917s9999||||xx |||||||||||||| ||und||
040 _e202639
_aMAIN
041 _aEnglish
082 _a005.8 H238N
100 _aHarrington, Jan L
245 0 _aNetwork security: A practical approach
260 _aGurgaon
_bElsevier India
_c2008
300 _axi, 365 p.
942 _cBK
999 _c158000
_d158000